000 00397cam a2200145ua 4500
041 _aeng
_h
082 _a828.09
_bSIS/ST
100 _aSisam, Kenneth .
245 _aStudies in the history of old English literature /
_cKenneth sisam.
_hTextual Documents
260 _aLondon :
_bOxford at the Clarendon Press ,
_c1962.
300 _a314 ; .
504 _a
942 _cBK
999 _c5353
_d5353